000 00550nam a2200157 4500
001 144064
003 ES-MaACL
007 t|
008 070214s1984 sp r ||||1| spa d
100 1 _aShubert, Adrian.
_9106172
245 1 0 _aHacia la revolución
_b: orígenes sociales del movimiento obrero en Asturias : 1860-1934 /
_cAdrian Shubert ; traducción de Agueda Palacios Honorato.
260 _aBarcelona :
_bCrítica,
_c1984.
300 _a235 p. ;
_c20 cm.
700 1 _aPalacios Honorato, Agueda.
_988433
852 _aES-MaACL
_jL-7963
_bR.107186
999 _c144064
_d144064